| 000 | 00355nam a2200133Ia 4500 | ||
|---|---|---|---|
| 008 | 220217s9999||||xx |||||||||||||| ||und|| | ||
| 020 | _a9780070435063 | ||
| 082 | _a004.65 SOO | ||
| 100 |
_aSood, Vivek _910046 |
||
| 245 | 0 | _aCyber law simplified | |
| 260 |
_aMcgraw hill book company _bNew Delhi _c2013 |
||
| 300 |
_aXXV, 598p. _b949 |
||
| 650 | _aWWW | ||
| 999 |
_c188024 _d188024 |
||